000 00648cam a2200241 4500
008 090401t1999 xxu||||| |||| 00| 0 eng d
020 _a063204277X
035 _a(Sirsi) u92779
041 _aeng
050 _a692.8
110 _aAqua Group
_9865
245 _aTenders and contracts for building.
250 _a3rd edition.
260 _aOxford
_bBlackwell Science Ltd.
_c1999
300 _a165p. ; 24cm.
350 _a13.99
650 _aBUILT ENVIRONMENT-BUILDING CONTRACT FORMS
650 _aSERIAL CONTRACTING
650 _aTENDERING
690 _aBUILT ENVIRONMENT-BUILDING CONTRACT FORMS
942 _n0
948 _c16/04/1999
999 _c97783
_d97783